[Event "London Classic Open 2018"]
[Site "London ENG"]
[Date "2018.12.12"]
[Round "4.1"]
[White "Melkumyan, Hrant"]
[Black "Flear, Glenn C"]
[Result "1/2-1/2"]
[WhiteTitle "GM"]
[BlackTitle "GM"]
[WhiteElo "2670"]
[BlackElo "2451"]
[WhiteFideId "13302485"]
[BlackFideId "400165"]
[EventDate "2018.12.09"]

1. e4 e5 2. Nf3 Nc6 3. Bb5 a6 4. Ba4 Nf6 5. O-O Be7 6. d3 b5 7. Bb3 d6 8. a4 Bd7
9. c3 O-O 10. Bc2 Re8 11. Re1 h6 12. Nbd2 Bf8 13. h3 g6 14. d4 Bg7 15. Nf1 exd4
16. cxd4 Nb4 17. Bb1 bxa4 18. Ng3 Rb8 19. Ra3 c5 20. d5 Bb5 21. Bd2 Qd7 22. Rae3
Bc4 23. Bc3 Na2 24. Bxa2 Bxa2 25. Qd2 Bb3 26. Nh4 Kh7 27. Rf3 Ng8 28. Bxg7 Kxg7
29. Qc3+ Kh7 30. Rfe3 Rb4 31. Nf3 Rc4 32. Qd3 Rc2 33. R3e2 Qb5 34. Qe3 Rxe2 35.
Rxe2 Bxd5 36. Rd2 Be6 37. Qf4 Qb4 38. Qxd6 a3 39. bxa3 Qxa3 40. Kh2 a5 41. Ne5
Qb4 42. Nc6 Qb6 43. Ne2 a4 44. Nf4 Rc8 45. Ne5 Qxd6 46. Rxd6 Bb3 47. Rd7 Nf6 48.
Ra7 Kg8 49. f3 Re8 50. Nc6 Kf8 51. Ne2 Re6 52. Na5 Re7 53. Ra6 Re6 54. Ra7 Re7
55. Ra6 Re6 1/2-1/2

[Event "London Classic Open 2018"]
[Site "London ENG"]
[Date "2018.12.12"]
[Round "4.2"]
[White "Yuffa, Daniil"]
[Black "Piesik, Piotr"]
[Result "1/2-1/2"]
[WhiteTitle "GM"]
[BlackTitle "FM"]
[WhiteElo "2572"]
[BlackElo "2404"]
[WhiteFideId "24131423"]
[BlackFideId "1136194"]
[EventDate "2018.12.09"]

1. d4 Nf6 2. c4 c5 3. d5 b5 4. Qc2 e6 5. e4 bxc4 6. Nc3 d6 7. Bxc4 Be7 8. Nge2
exd5 9. exd5 Nbd7 10. O-O O-O 11. Ng3 Nb6 12. b3 Nxc4 13. bxc4 Nd7 14. Bf4 Nb6
15. Rae1 Bg5 16. Bxg5 Qxg5 17. Nb5 Qd8 18. Qc3 a6 19. Na3 Ra7 20. Nc2 f5 21. f4
Re8 22. Qa5 Kf8 23. Rxe8+ Kxe8 24. Rb1 Na8 25. Qc3 Rf7 26. Rb8 Nb6 27. Qe1+ Kf8
28. Qa5 Rb7 29. Rxb7 Bxb7 30. Nxf5 Bc8 31. Nfe3 Qc7 32. Qc3 Nd7 33. Ng4 Qb6 34.
h3 Qb1+ 35. Kh2 Qxa2 36. Qd3 Nb6 37. Nce3 h5 38. Qg6 hxg4 39. Qxd6+ Kg8 40. Qxb6
Qf2 41. Qd8+ Kh7 42. Nxg4 Bxg4 43. hxg4 Qxf4+ 44. g3 Qxc4 45. d6 Qe2+ 46. Kh3
Qf1+ 47. Kh2 Qf2+ 1/2-1/2

[Event "London Classic Open 2018"]
[Site "London ENG"]
[Date "2018.12.12"]
[Round "4.3"]
[White "Pert, Richard G"]
[Black "Hillarp Persson, Tiger"]
[Result "1/2-1/2"]
[WhiteTitle "IM"]
[BlackTitle "GM"]
[WhiteElo "2416"]
[BlackElo "2546"]
[WhiteFideId "404748"]
[BlackFideId "1700812"]
[EventDate "2018.12.09"]

1. e4 c6 2. d4 d5 3. Nc3 g6 4. Nf3 Bg7 5. Bf4 Bg4 6. exd5 cxd5 7. Nb5 Na6 8. c3
Nf6 9. h3 Bxf3 10. Qxf3 O-O 11. Bd3 Qd7 12. O-O Ne8 13. Rfe1 b6 14. Qg3 Bf6 15.
a4 1/2-1/2

[Event "London Classic Open 2018"]
[Site "London ENG"]
[Date "2018.12.12"]
[Round "4.4"]
[White "Pert, Nicholas"]
[Black "Wu, Li"]
[Result "1-0"]
[WhiteTitle "GM"]
[WhiteElo "2546"]
[BlackElo "2317"]
[WhiteFideId "403989"]
[BlackFideId "411086"]
[EventDate "2018.12.09"]

1. d4 Nf6 2. Nf3 e6 3. c4 c5 4. d5 b5 5. e4 Nxe4 6. Bd3 Nf6 7. O-O bxc4 8. Bxc4
Ba6 9. Bxa6 Nxa6 10. Nc3 Nc7 11. d6 Ncd5 12. Nxd5 Nxd5 13. Re1 Nb6 14. Be3 g6
15. Rc1 Bg7 16. Rxc5 O-O 17. Bd4 Bxd4 18. Qxd4 Nd5 19. Ne5 f6 20. Ng4 Qb6 21.
Rxd5 exd5 22. Nxf6+ Rxf6 23. Qxf6 Rf8 24. Qh4 Qxd6 25. Qd4 Rf4 26. Qd2 Rf5 27.
Qd4 Rf4 28. Qxa7 d4 29. g3 Rf5 30. Qa8+ Kg7 31. Qe4 Rd5 32. Qe8 Kh6 33. Re7 Qf6
34. Rf7 Qe6 1-0

[Event "London Classic Open 2018"]
[Site "London ENG"]
[Date "2018.12.12"]
[Round "4.5"]
[White "Megalios, Konstantinos"]
[Black "Gumularz, Szymon"]
[Result "1/2-1/2"]
[BlackTitle "IM"]
[WhiteElo "2365"]
[BlackElo "2462"]
[WhiteFideId "4238044"]
[BlackFideId "1188062"]
[EventDate "2018.12.09"]

1. e4 c5 2. Nf3 e6 3. c3 d5 4. exd5 exd5 5. d4 Nc6 6. Bb5 Bd6 7. O-O Ne7 8. Re1
O-O 9. dxc5 Bxc5 10. Be3 Bxe3 11. Rxe3 Bg4 12. Bd3 Ng6 1/2-1/2

[Event "London Classic Open 2018"]
[Site "London ENG"]
[Date "2018.12.12"]
[Round "4.6"]
[White "Hawkins, Jonathan"]
[Black "Tomaszewski, Kacper"]
[Result "0-1"]
[WhiteTitle "GM"]
[BlackTitle "FM"]
[WhiteElo "2583"]
[BlackElo "2259"]
[WhiteFideId "412686"]
[BlackFideId "1127373"]
[EventDate "2018.12.09"]

1. e4 c6 2. Nc3 d5 3. Nf3 Nf6 4. e5 Ne4 5. Ne2 Qb6 6. d4 e6 7. Ng3 Nxg3 8. hxg3
c5 9. c3 Nc6 10. Bd3 cxd4 11. cxd4 Bd7 12. Kf1 O-O-O 13. b4 Nxb4 14. Rb1 Bb5 15.
Bxb5 Qxb5+ 16. Kg1 Qa6 17. a4 Nc6 18. Rb5 Rd7 19. Bd2 Be7 20. g4 Bd8 21. g5 g6
22. Bc3 Na5 23. Bxa5 Bxa5 24. Qc1+ Kb8 25. Qa3 Bd8 26. g3 Be7 27. Qb3 Rc7 28.
Kg2 Ka8 29. g4 Qc6 30. Kg3 Qc4 31. Qb2 Qd3 32. Rb3 Rc2 33. Qb1 Qe2 34. Rh2 Rhc8
35. Re3 Qc4 36. Rxh7 Rc1 37. Qb2 Bb4 38. Rxf7 a5 39. Rf6 Qf1 40. Qe2 Qh1 41. Qb5
Rh8 42. Kf4 Rh3 43. Qe2 Rc4 44. Qb2 Bc5 0-1

[Event "London Classic Open 2018"]
[Site "London ENG"]
[Date "2018.12.12"]
[Round "4.7"]
[White "Mirzoyan, Davit T."]
[Black "Moussard, Jules"]
[Result "0-1"]
[WhiteTitle "FM"]
[BlackTitle "GM"]
[WhiteElo "2382"]
[BlackElo "2591"]
[WhiteFideId "13308386"]
[BlackFideId "642908"]
[EventDate "2018.12.09"]

1. d4 d6 2. c4 e5 3. e3 g6 4. Nc3 Bg7 5. Nf3 Nd7 6. Be2 f5 7. b4 Nh6 8. Bb2 O-O
9. O-O Nf7 10. Qb3 e4 11. Nd2 c6 12. Rae1 Nf6 13. f4 exf3 14. Bxf3 Ng5 15. e4
Kh8 16. d5 Bd7 17. Kh1 a5 18. a3 axb4 19. axb4 Qb6 20. dxc6 bxc6 21. b5 Rae8 22.
exf5 Nxf3 23. Nxf3 Bxf5 24. Na4 Qb7 25. Rxe8 Rxe8 26. Nh4 Bc8 27. Qa3 cxb5 28.
Qxd6 bxa4 29. Bxf6 Be6 30. Bxg7+ Qxg7 31. Re1 Bg8 32. Rd1 Ra8 33. Qa3 Bxc4 34.
Nf3 Bb3 35. Re1 Qf6 36. h3 Bd5 37. Re3 Bc6 38. Qc1 Rf8 39. Rc3 Bd5 40. Rd3 Bg8
41. Qa3 Ra8 42. Rd6 Qg7 43. Rd4 Bb3 44. Rd3 Re8 45. Qb4 Qe7 46. Qa5 Kg8 47. Rc3
Qd6 48. Rc5 Qf6 49. Qb4 Rd8 50. Kh2 Qd6+ 51. Kh1 Bd5 52. Ng1 Bf7 53. Nf3 Qf8 54.
Qc3 Bd5 55. Ne1 Qf1+ 56. Kh2 Qf4+ 57. Kg1 Be6 58. Ra5 Rc8 59. Qf3 Qb4 60. Re5
Qd4+ 61. Qe3 Qxe3+ 62. Rxe3 Bb3 63. Kf2 Rf8+ 64. Ke2 Rb8 65. Kd2 a3 66. Nc2 a2
67. Na1 Bd5 68. g3 Rb2+ 0-1

[Event "London Classic Open 2018"]
[Site "London ENG"]
[Date "2018.12.12"]
[Round "4.8"]
[White "Gschnitzer, Adrian"]
[Black "Debashis, Das"]
[Result "1-0"]
[WhiteTitle "FM"]
[BlackTitle "GM"]
[WhiteElo "2374"]
[BlackElo "2544"]
[WhiteFideId "1270337"]
[BlackFideId "5024854"]
[EventDate "2018.12.09"]

1. e4 c5 2. Nf3 d6 3. d4 cxd4 4. Nxd4 Nf6 5. Nc3 a6 6. Bg5 Nbd7 7. f4 Qb6 8. Qd2
e5 9. Nb3 h6 10. fxe5 dxe5 11. Be3 Qc7 12. Nd5 Nxd5 13. exd5 b6 14. Be2 Bd6 15.
O-O Nc5 16. Kh1 h5 17. Bxc5 bxc5 18. Qg5 O-O 19. Nd2 f5 20. Nc4 Rf6 21. Bd3 Be7
22. Qxh5 e4 23. d6 Bxd6 24. Bxe4 Rh6 25. Qe8+ Kh7 26. Rxf5 Bxf5 27. Bxf5+ g6 28.
Qxa8 Rxh2+ 29. Kg1 gxf5 30. Qd5 Rh6 31. Qxf5+ Kg7 32. Qg5+ Rg6 33. Qh5 Qc6 34.
Qe2 Rh6 35. Ne5 Qd5 36. Qg4+ Kh7 37. Qf5+ Kg7 38. Qd7+ Kg8 39. Qd8+ Kg7 40. Qg5+
Kh7 41. Qf5+ Kg7 42. Qg4+ Kh7 43. Nf3 c4 44. Qe4+ Qxe4 45. Ng5+ Kg7 46. Nxe4 Bf4
47. Kf2 Rb6 48. b3 cxb3 49. axb3 Rc6 50. Kf3 Bc7 51. c4 Rb6 52. Nc5 Bd6 53. Rxa6
Bxc5 54. Rxb6 Bxb6 55. b4 Kf6 56. c5 Bc7 57. Ke4 Ke6 58. g4 Bd8 59. b5 Be7 60.
Kd4 Bf6+ 61. Kc4 Bg5 62. b6 Bf4 63. b7 Kd7 64. g5 Kc7 65. g6 Bh6 66. c6 1-0

[Event "London Classic Open 2018"]
[Site "London ENG"]
[Date "2018.12.12"]
[Round "4.9"]
[White "Turner, Matthew J"]
[Black "Lacasa Diaz, Jose Antonio"]
[Result "0-1"]
[WhiteTitle "GM"]
[BlackTitle "IM"]
[WhiteElo "2533"]
[BlackElo "2389"]
[WhiteFideId "402893"]
[BlackFideId "2203375"]
[EventDate "2018.12.09"]

1. Nf3 Nf6 2. g3 d5 3. Bg2 e6 4. O-O Be7 5. c4 O-O 6. b3 c5 7. e3 Nc6 8. Bb2 d4
9. exd4 cxd4 10. d3 e5 11. Re1 Nd7 12. Na3 Re8 13. Nc2 a5 14. Nd2 Nc5 15. Ne4
Ne6 16. Ba3 Bxa3 17. Nxa3 f5 18. Nd2 Nc5 19. Bd5+ Be6 20. Bxc6 bxc6 21. Nf3 e4
22. dxe4 d3 23. e5 f4 24. Qd2 Rf8 25. Kg2 Bg4 26. Ng1 Qd4 27. f3 fxg3 28. hxg3
Bxf3+ 29. Nxf3 Rxf3 30. Kxf3 Rf8+ 31. Kg2 Ne4 32. Qe3 Qb2+ 33. Kg1 Nf2 34. Rf1
Nh3+ 35. Kh1 Rf2 36. Rxf2 Nxf2+ 37. Kg1 Ng4 38. Qf3 Qxa1+ 39. Kg2 d2 40. Qxc6
Ne3+ 41. Kh2 Qxe5 0-1

[Event "London Classic Open 2018"]
[Site "London ENG"]
[Date "2018.12.12"]
[Round "4.10"]
[White "Mihajlov, Sebastian"]
[Black "Hector, Jonny"]
[Result "1/2-1/2"]
[WhiteTitle "IM"]
[BlackTitle "GM"]
[WhiteElo "2358"]
[BlackElo "2501"]
[WhiteFideId "1512110"]
[BlackFideId "1700090"]
[EventDate "2018.12.09"]

1. d4 d5 2. c4 c6 3. Nf3 Nf6 4. e3 Bf5 5. Nc3 e6 6. Nh4 Be4 7. f3 Bg6 8. Qb3 Qc7
9. Bd2 Be7 10. cxd5 cxd5 11. Nxg6 hxg6 12. O-O-O Nc6 13. Kb1 a6 14. g4 Nd7 15.
f4 b5 16. f5 Nb6 17. fxe6 fxe6 18. Ne2 g5 19. Qd3 Rxh2 20. Nf4 gxf4 21. Rxh2
fxe3 22. Rh8+ Kd7 23. Rxa8 Nxa8 24. Bxe3 Qg3 25. Qe2 Nb6 26. Bf2 Qf4 27. Re1 Qf6
28. a3 Nc4 29. Ka2 Qg6 30. Qd1 Bg5 31. Bd3 Qf6 32. Bg1 Bf4 33. Rf1 Qh6 34. Qf3
Bg5 35. Qf7+ Be7 36. Re1 Nd8 37. Qf1 Bh4 38. Re2 Bf6 39. Qg2 Qf4 40. Bxc4 bxc4
41. Be3 Qb8 42. g5 Bxd4 43. Bxd4 Qb3+ 44. Ka1 Qd1+ 45. Ka2 Qb3+ 1/2-1/2

[Event "London Classic Open 2018"]
[Site "London ENG"]
[Date "2018.12.12"]
[Round "4.11"]
[White "Bradbury, Neil H"]
[Black "Gormally, Daniel W"]
[Result "1/2-1/2"]
[WhiteTitle "IM"]
[BlackTitle "GM"]
[WhiteElo "2336"]
[BlackElo "2478"]
[WhiteFideId "400513"]
[BlackFideId "406465"]
[EventDate "2018.12.09"]

1. d4 d5 2. c4 e6 3. Nc3 Nf6 4. Bg5 Be7 5. e3 h6 6. Bxf6 Bxf6 7. Qb3 dxc4 8.
Bxc4 O-O 9. Nf3 c5 10. d5 exd5 11. Bxd5 Nd7 12. Rd1 Qe7 13. O-O Nb6 14. e4 Bg4
15. Rd3 Rac8 16. Qa3 c4 17. Qxe7 Bxe7 18. Rd2 Bxf3 19. gxf3 Bg5 20. Rdd1 Rc7 21.
Kg2 Bf6 22. Rfe1 Be5 23. f4 Bxf4 24. e5 Re8 25. Re4 g5 26. Rde1 Bd2 27. Rd1 Bxc3
28. bxc3 Kg7 29. Rdd4 Rd8 30. e6 Nxd5 31. e7 Re8 32. Rxd5 Rexe7 33. Rxe7 Rxe7
34. Rc5 Re4 35. Rc7 Rg4+ 1/2-1/2

[Event "London Classic Open 2018"]
[Site "London ENG"]
[Date "2018.12.12"]
[Round "4.12"]
[White "Janik, Igor"]
[Black "Sowray, Peter J"]
[Result "1-0"]
[WhiteTitle "IM"]
[BlackTitle "FM"]
[WhiteElo "2476"]
[BlackElo "2342"]
[WhiteFideId "1159259"]
[BlackFideId "400971"]
[EventDate "2018.12.09"]

1. d4 d5 2. c4 e6 3. Nf3 Nf6 4. g3 Bb4+ 5. Nbd2 O-O 6. Bg2 b6 7. cxd5 exd5 8.
O-O Bb7 9. a3 Bd6 10. b4 Nbd7 11. Bb2 Qe7 12. Re1 Ne4 13. Nxe4 dxe4 14. Nd2 f5
15. e3 Qf7 16. Rc1 Ba6 17. Qa4 Bd3 18. Rc3 b5 19. Qb3 Qxb3 20. Nxb3 Bc4 21. Na5
Nb6 22. Bf1 Bxf1 23. Kxf1 g5 24. Rc6 Rae8 25. Nb7 Nc4 26. Bc3 f4 27. gxf4 gxf4
28. Nxd6 cxd6 29. exf4 Rxf4 30. Ke2 Rf3 31. Rg1+ Kf7 32. Rg3 Rxg3 33. hxg3 Ke6
34. Rc7 Re7 35. d5+ Kf7 36. Rc6 Rd7 37. Bd4 Nxa3 38. Ke3 Re7 39. Kf4 Nc4 40. Ra6
Ne5 41. Bxe5 Rxe5 42. Rxd6 Re7 43. Rh6 Kf8 44. d6 Rf7+ 45. Kxe4 Rxf2 46. Rxh7
Ke8 47. Kd5 a6 48. Kc6 Rc2+ 49. Kb7 Rc4 50. Rh4 Kd7 51. Kxa6 Rc3 52. Kxb5 Rxg3
53. Rd4 Rg8 54. Kb6 Rb8+ 55. Ka7 Rb5 56. Ka6 1-0

[Event "London Classic Open 2018"]
[Site "London ENG"]
[Date "2018.12.12"]
[Round "4.13"]
[White "Akash Pc, Iyer"]
[Black "Taylor, Adam C"]
[Result "1-0"]
[WhiteTitle "IM"]
[BlackTitle "FM"]
[WhiteElo "2441"]
[BlackElo "2331"]
[WhiteFideId "5006775"]
[BlackFideId "424668"]
[EventDate "2018.12.09"]

1. d4 Nf6 2. c4 e6 3. Nc3 Bb4 4. e3 O-O 5. Bd3 d5 6. Ne2 c5 7. O-O cxd4 8. exd4
dxc4 9. Bxc4 Nbd7 10. Qd3 a6 11. a4 Bd6 12. Ng3 Qc7 13. Be3 Rd8 14. Rac1 Bxg3
15. hxg3 Ne5 16. Qe2 Nxc4 17. Nb1 b5 18. b3 Qd7 19. bxc4 bxc4 20. Nd2 Qxa4 21.
Bg5 Bb7 22. Bxf6 gxf6 23. Qg4+ Kf8 24. Nxc4 Qc6 25. Ne3 Qd6 26. d5 Bxd5 27. Qh4
Qe5 28. Qh6+ Ke7 29. Rfe1 Rac8 30. Ra1 Qe4 31. Rxa6 Ra8 32. Rxa8 Bxa8 33. g4 Qg6
34. Nf5+ Kd7 35. Qd2+ Bd5 36. Qb4 exf5 37. Qe7+ Kc6 38. Rc1+ Kb5 39. Qxd8 1-0

[Event "London Classic Open 2018"]
[Site "London ENG"]
[Date "2018.12.12"]
[Round "4.14"]
[White "Paterek, Michal"]
[Black "Hebden, Mark L"]
[Result "0-1"]
[WhiteTitle "FM"]
[BlackTitle "GM"]
[WhiteElo "2328"]
[BlackElo "2425"]
[WhiteFideId "1116142"]
[BlackFideId "400084"]
[EventDate "2018.12.09"]

1. d4 Nf6 2. c4 g6 3. Nc3 Bg7 4. e4 d6 5. Nf3 O-O 6. Be2 e5 7. O-O Nc6 8. d5 Ne7
9. Bd2 Nh5 10. Rc1 Kh8 11. g3 f5 12. Ng5 Nf6 13. f3 c6 14. Be3 f4 15. Bf2 Bh6
16. gxf4 Nh5 17. c5 Nxf4 18. cxd6 Qxd6 19. h4 Qf6 20. Bg3 Bxg5 21. hxg5 Qxg5 22.
Kf2 cxd5 23. Nxd5 Nexd5 24. exd5 Bf5 25. Rc7 Rad8 26. Rh1 Rd7 27. d6 Qf6 28.
Rxd7 Bxd7 29. Bc4 Bc6 30. Bxf4 exf4 31. Re1 Rd8 32. Re6 Qh4+ 33. Kg1 Qg3+ 34.
Kf1 Qxf3+ 35. Qxf3 Bxf3 36. Bb5 Kg7 37. d7 Bc6 38. Bxc6 bxc6 39. Re7+ Kh6 40.
Ke2 g5 41. Kf3 Kg6 42. Ke4 h6 43. b4 Kh5 44. Kf3 Kg6 45. Ke4 h5 46. a4 h4 47. a5
h3 48. Kf3 Kf5 49. Rf7+ Ke6 50. Rg7 Rxd7 51. Rxg5 Rh7 52. Rg6+ Kf5 53. Rg1 h2
54. Rh1 Rh3+ 55. Kg2 Kg4 56. a6 Rh8 57. Kf2 Rd8 0-1

[Event "London Classic Open 2018"]
[Site "London ENG"]
[Date "2018.12.12"]
[Round "4.15"]
[White "Gilevych, Artem"]
[Black "Sumit, Kumar"]
[Result "1-0"]
[WhiteTitle "IM"]
[WhiteElo "2409"]
[BlackElo "2179"]
[WhiteFideId "14121379"]
[BlackFideId "5054010"]
[EventDate "2018.12.09"]

1. d4 Nf6 2. Nc3 d5 3. Bf4 Bf5 4. f3 e6 5. g4 Bg6 6. h4 h5 7. g5 Ng8 8. Qd2 a6
9. O-O-O c5 10. Bxb8 Rxb8 11. e4 dxe4 12. d5 exd5 13. Nxd5 Ne7 14. Qf4 Nxd5 15.
Qe5+ Ne7 16. Rxd8+ Rxd8 17. fxe4 f6 18. Qg3 fxg5 19. hxg5 Bxe4 20. Bg2 Bxg2 21.
Qxg2 Nc6 22. Qe2+ Kd7 23. Rxh5 Rxh5 24. Qxh5 Bd6 25. Qf7+ Kc8 26. Ne2 Rd7 27.
Qg8+ Kc7 28. a3 Be5 29. Qc4 Re7 30. Nf4 Bxf4+ 31. Qxf4+ Kb6 32. Qd6 Re8 33. b3
a5 34. Kb2 Re7 35. c3 Re4 36. Kc2 Re8 37. g6 Re4 38. Kd3 Re8 39. Kc4 Re5 40. Qf8
Re7 41. Kd5 Rd7+ 42. Ke6 Kc7 43. Qxc5 b6 44. Qf8 Nd8+ 45. Kf5 Nc6 46. Ke4 Re7+
47. Kf4 Rd7 48. Ke3 Kb7 49. Ke2 Kc7 50. b4 axb4 51. axb4 Re7+ 52. Kd2 b5 53. Kc2
Kb7 54. Qf5 Ka6 55. Kb3 Rc7 56. Ka3 Nb8 57. Qe5 Kb6 58. Qd6+ Kb7 59. Kb2 Nd7 60.
Qd5+ Kb6 61. Qd4+ Kb7 62. Qxg7 Nb6 63. Qxc7+ 1-0

[Event "London Classic Open 2018"]
[Site "London ENG"]
[Date "2018.12.12"]
[Round "4.17"]
[White "Van Zyl-Rudd, Jack"]
[Black "Lewtak, Damian"]
[Result "1/2-1/2"]
[WhiteTitle "FM"]
[WhiteElo "2306"]
[BlackElo "2393"]
[WhiteFideId "14309017"]
[BlackFideId "1141724"]
[EventDate "2018.12.09"]

1. d4 g6 2. e4 Bg7 3. Nc3 c5 4. dxc5 Qa5 5. Bd2 Qxc5 6. Nd5 Na6 7. Nf3 e6 8. Bc3
Bxc3+ 9. Nxc3 f5 10. exf5 gxf5 11. Qd2 Nf6 12. O-O-O Nc7 13. Qh6 Rf8 14. Ng5 Qe7
15. Nb5 Nxb5 16. Bxb5 a6 17. Nxe6 Qxe6 18. Bd3 Ne4 19. Qxh7 Qxa2 20. Bxe4 Qa1+
21. Kd2 Qa5+ 22. Kc1 fxe4 23. Qxe4+ Kd8 24. Qh4+ Kc7 25. Qg3+ Kd8 26. Qh4+ Kc7
27. Qg3+ Kd8 28. Qh4+ 1/2-1/2

[Event "London Classic Open 2018"]
[Site "London ENG"]
[Date "2018.12.12"]
[Round "4.19"]
[White "Cornette, Matthieu"]
[Black "Martinez, Ayelen"]
[Result "1-0"]
[WhiteTitle "GM"]
[BlackTitle "WIM"]
[WhiteElo "2597"]
[BlackElo "2185"]
[WhiteFideId "620084"]
[BlackFideId "118702"]
[EventDate "2018.12.09"]

1. e4 e5 2. Nf3 Nc6 3. Bc4 Nf6 4. d3 h6 5. O-O d6 6. c3 g5 7. Bb3 Bg7 8. Nbd2
O-O 9. Nc4 g4 10. Nh4 d5 11. exd5 Nxd5 12. g3 Be6 13. f3 Qd7 14. fxg4 Bxg4 15.
Qe1 Bh3 16. Rf2 Rad8 17. Ne3 Nxe3 18. Bxe3 Be6 19. Bc5 Rfe8 20. Bc2 Bd5 21. Nf5
b6 22. Be3 e4 23. dxe4 Bxe4 24. Nxg7 Kxg7 25. Bxe4 1-0

[Event "London Classic Open 2018"]
[Site "London ENG"]
[Date "2018.12.12"]
[Round "4.20"]
[White "Brooks, Phil J"]
[Black "Istratescu, Andrei"]
[Result "0-1"]
[BlackTitle "GM"]
[WhiteElo "2184"]
[BlackElo "2564"]
[WhiteFideId "405540"]
[BlackFideId "1200372"]
[EventDate "2018.12.09"]

1. d4 Nf6 2. c4 g6 3. Nc3 Bg7 4. e4 d6 5. h3 O-O 6. Bg5 Na6 7. Bd3 Qe8 8. Nge2
e5 9. d5 Nh5 10. Qd2 f5 11. O-O-O Nc5 12. f3 Nxd3+ 13. Qxd3 f4 14. Bh4 Rf7 15.
Bf2 Bf8 16. Kb1 Nf6 17. Nc1 c5 18. Nb5 a6 19. Na3 Bd7 20. Nb3 b5 21. Be1 b4 22.
Nc2 a5 23. Nc1 Bc8 24. Bd2 a4 25. Ne2 Nd7 26. a3 b3 27. Ne1 Nb6 28. Rc1 Ba6 29.
g3 Nxc4 30. Rxc4 Qb5 31. Nxf4 exf4 32. Rc3 Qe8 0-1

[Event "London Classic Open 2018"]
[Site "London ENG"]
[Date "2018.12.12"]
[Round "4.21"]
[White "Ghasi, Ameet K"]
[Black "Brozel, Sacha"]
[Result "1-0"]
[WhiteTitle "IM"]
[WhiteElo "2498"]
[BlackElo "2182"]
[WhiteFideId "409200"]
[BlackFideId "429317"]
[EventDate "2018.12.09"]

1. Nf3 c5 2. g3 Nc6 3. Bg2 g6 4. O-O Bg7 5. c4 e5 6. Nc3 d6 7. a3 a5 8. d3 Nge7
9. Bd2 O-O 10. Rb1 Rb8 11. Ne1 Be6 12. Nd5 b5 13. b3 Bd7 14. Nc3 b4 15. axb4
axb4 16. Nb5 Be6 17. Ra1 Qd7 18. Nc2 f5 19. Bg5 d5 20. Bxe7 Nxe7 21. Ra7 Qd8 22.
Nc7 Bf7 23. Nxd5 Bxd5 24. cxd5 Nxd5 25. Bxd5+ Qxd5 26. Ne3 Qe6 27. Qc2 f4 28.
Nc4 f3 29. exf3 Rxf3 30. Nd2 Rf7 31. Rxf7 Qxf7 32. Qxc5 Rd8 33. Qb5 1-0

[Event "London Classic Open 2018"]
[Site "London ENG"]
[Date "2018.12.12"]
[Round "4.22"]
[White "Arkell, Keith C"]
[Black "Ogunshola, Ben"]
[Result "1-0"]
[WhiteTitle "GM"]
[WhiteElo "2453"]
[BlackElo "2172"]
[WhiteFideId "400270"]
[BlackFideId "8500231"]
[EventDate "2018.12.09"]

1. d4 g6 2. e4 d6 3. c4 Bg7 4. Nc3 Nc6 5. d5 Nd4 6. Be3 c5 7. Nge2 Bg4 8. f3
Nxe2 9. Bxe2 Bd7 10. Qd2 Nf6 11. Bh6 O-O 12. h4 Qa5 13. h5 a6 14. hxg6 fxg6 15.
Bxg7 Kxg7 16. Qh6+ Kg8 17. f4 Rf7 18. e5 Ne4 19. e6 Rg7 20. exd7 Qb4 21. O-O Ng3
22. Rfc1 Nf5 23. Qh3 Qxb2 24. Qd3 Qb6 25. Bg4 Rf8 26. Ne4 h6 27. Ng3 Nd4 28.
Rab1 Qc7 29. Qe4 b6 30. Rf1 Kh8 31. Be6 b5 32. f5 Rf6 33. fxg6 Rgxg6 34. Rxf6
Rxf6 35. Nh5 1-0

[Event "London Classic Open 2018"]
[Site "London ENG"]
[Date "2018.12.12"]
[Round "4.23"]
[White "Quinn, John M"]
[Black "Elsness, Frode"]
[Result "0-1"]
[BlackTitle "IM"]
[WhiteElo "2160"]
[BlackElo "2447"]
[WhiteFideId "405043"]
[BlackFideId "1501100"]
[EventDate "2018.12.09"]

1. d4 Nf6 2. c4 e6 3. Nc3 Bb4 4. Qc2 d5 5. cxd5 exd5 6. Bg5 h6 7. Bxf6 Qxf6 8.
a3 Bxc3+ 9. Qxc3 c6 10. e3 O-O 11. Nf3 Bf5 12. Be2 Nd7 13. b4 Rfe8 14. O-O g5
15. Rfc1 Rac8 16. a4 g4 17. Nd2 h5 18. Bd3 h4 19. Bxf5 Qxf5 20. Qc2 Qf6 21. Ra3
Re6 22. e4 Qxd4 23. Rd3 Qf6 24. Rxd5 Ne5 25. Nf1 Rce8 26. Rc5 h3 27. Ng3 hxg2
28. Nf5 Nf3+ 29. Kxg2 Rxe4 30. Qc3 R8e5 31. Rxe5 Rxe5 32. Nd4 Rd5 0-1

[Event "London Classic Open 2018"]
[Site "London ENG"]
[Date "2018.12.12"]
[Round "4.24"]
[White "McClement, Andrew"]
[Black "Hunt, Harriet V"]
[Result "1-0"]
[BlackTitle "IM"]
[WhiteElo "2182"]
[BlackElo "2440"]
[WhiteFideId "2400480"]
[BlackFideId "403512"]
[EventDate "2018.12.09"]

1. e4 c5 2. Nf3 d6 3. d4 cxd4 4. Nxd4 Nf6 5. Nc3 a6 6. Be3 e5 7. Nb3 Be6 8. f3
h5 9. Qd2 Nbd7 10. O-O-O Qc7 11. Kb1 Be7 12. h3 Rc8 13. Bd3 h4 14. f4 b5 15.
Rhe1 O-O 16. f5 Bc4 17. g4 hxg3 18. Rg1 Nh5 19. Rc1 Ndf6 20. Ne2 d5 21. Nxg3 Nf4
22. Ne2 Nxe4 23. Bxe4 Nxe2 24. Bh6 Nxg1 25. Bxg7 f6 26. Rxg1 Bc5 27. Bxf6+ Kf7
28. Rg7+ Ke8 29. Rxc7 Rxc7 30. Bxe5 Rc8 31. Nxc5 1-0

[Event "London Classic Open 2018"]
[Site "London ENG"]
[Date "2018.12.12"]
[Round "4.25"]
[White "McDonald, Neil"]
[Black "Stigar, Petter"]
[Result "1-0"]
[WhiteTitle "GM"]
[BlackTitle "FM"]
[WhiteElo "2403"]
[BlackElo "2171"]
[WhiteFideId "400629"]
[BlackFideId "1500341"]
[EventDate "2018.12.09"]

1. e4 c6 2. d4 d5 3. Nd2 dxe4 4. Nxe4 Nd7 5. Ng5 h6 6. Ne6 Qa5+ 7. Bd2 Qb6 8.
Bd3 Ngf6 9. Ne2 fxe6 10. Bg6+ Kd8 11. Nf4 Nb8 12. c4 Bd7 13. O-O Kc8 14. Qe2 Na6
15. Rfe1 Nc7 16. b4 Qxd4 17. Be3 Qc3 18. a3 Nfd5 19. cxd5 exd5 20. Nh5 a5 21.
Bb6 axb4 22. Rec1 Qb3 23. Rab1 Qa4 24. Qe5 Nb5 25. axb4 Ra6 26. Ra1 Qxb4 27.
Rxa6 bxa6 28. Nf4 Qd6 29. Qa1 Qa3 30. Qb1 e5 31. Nxd5 Kb7 32. Ne3 Qb4 33. Qd3
Bd6 34. Nc4 Be6 35. Nxd6+ Qxd6 36. Qe3 Bd5 37. Bd3 Rb8 38. Bc5 Qe6 39. Qd2 Qd7
40. Bf1 Ra8 41. Be3 Rd8 42. Ra1 Ra8 43. Qb2 Qc7 44. Bc5 Re8 45. Qb4 Ra8 46. Re1
Re8 47. f4 e4 48. Be3 Qe7 49. Qa4 Ra8 50. Rb1 Qd7 51. Qb4 Kc7 52. Qa5+ Kd6 53.
Bxb5 cxb5 54. Rd1 Ke7 55. Qd2 Rd8 56. Bb6 Rc8 57. Qxd5 Qxd5 58. Rxd5 Rc1+ 59.
Kf2 Rc2+ 60. Kg3 b4 61. Bc5+ 1-0